Robert Redford Movies - Sudden Death - Statistics

General Stats
  • This quiz has been taken 77 times
  • The average score is 12 of 19
Answers on the Grid
Answers color-coded by a green-red scale on the quiz's grid according to % correct below.
Cape Fear
Butch Cassidy And The Sundance Kid
Indecent Proposal
What's New Pussycat
Brubaker
Good Will Hunting
Truth
Lions For Lambs
Marathon Man
The Electric Horseman
Cool Hand Luke
All The President's Men
The Way We Were
The Chase
The Hot Rock
The Sting
How The West Was Won
Three Days of The Condor
The Great Escape
The Haunting
Out of Africa
Up Close & Personal
Old Man & The Gun
Midnight Cowboy
Our Souls At Night
Rocky Horror Picture Show
Cabaret
Pete's Dragon
A Walk In The Woods
The Horse Whisperer
 
Answer Stats
Answer % Correct
Butch Cassidy And The Sundance Kid
97%
Indecent Proposal
87%
All The President's Men
83%
The Sting
83%
Out of Africa
78%
The Way We Were
78%
The Horse Whisperer
77%
Three Days of The Condor
67%
Brubaker
63%
The Electric Horseman
63%
Lions For Lambs
57%
A Walk In The Woods
48%
Our Souls At Night
48%
Up Close & Personal
48%
Old Man & The Gun
47%
The Chase
38%
The Hot Rock
37%
Truth
33%
Pete's Dragon
32%
No matching quizzes found
Score Distribution
Percent of People with Each Score
Percentile by Number Answered
Your Score History
You have not taken this quiz